书目信息 |
| 书名: | Principles of molecular virology = | |
| 作者: | Alan J. Cann. | |
| 分册号: | ||
| 分册名: | 出版地: | 北京 : |
|
| 出版社: | 科学出版社 | |
| 出版时间: | c2012. | |
| 页数: | ix, 303 p. : | |
| 开本: | 26 cm. | |
| 丛书名: | ||
| 中图分类号: | ||
| 科图分类号: | ||
| 其他分类号: | Q939.4 | |
| 主题词: | ||
| 电子资源: | ||
| 000 | 01198cam a2200385 a 4500 | |
| 001 | E1455964374 | |
| 005 | 20140402153423.79 | |
| 008 | 120911r20122012cc a b 001 0 eng d | |
| 020 | @a9787030344502 :@cCNY68.00. | |
| 040 | @aPUL@cPUL | |
| 041 | 0 | @aeng@bchi@fchi |
| 050 | 4 | @aQR389@b.C36 |
| 082 | 04 | @a579.2 @2 22 |
| 090 | @aQ939.4/X7(3) | |
| 092 | @anhys2012140113 | |
| 093 | @aQ939.4 @2 4 | |
| 093 | @aQ939.4 @2 5 | |
| 099 | @dQ939.4@ex7 | |
| 100 | 1 | @aCann, Alan. |
| 245 | 10 | @aPrinciples of molecular virology =@b分子病毒学原理 / @cAlan J. Cann. |
| 246 | 31 | @a分子病毒学原理 |
| 250 | @a5th ed. | |
| 260 | @a北京 :@b科学出版社,@cc2012. | |
| 300 | @aix, 303 p. :@bill. ;@c26 cm. | |
| 490 | 0 | @a生命科学新经典 |
| 500 | @a"科爱传播导读版" --Back. | |
| 504 | @aIncludes bibliographical references and index. | |
| 534 | @pReprint. Orginally published:@cAmsterdam : Elsevier ; Waltham, MA : Academic Press, c2012.@z9780123849397. | |
| 650 | 2 | @aVirus Physiological Phenomena. |
| 650 | 2 | @aGene Expression Regulation, Viral. |
| 650 | 2 | @aViruses@xgenetics. |
| 650 | 2 | @aGenome, Viral. |
| 650 | 0 | @aMolecular virology. |
| 650 | 0 | @a微生物学:分类学 |
| 920 | @a232010@z2 | |
| Principles of molecular virology = : 分子病毒学原理 / / Alan J. Cann.-5th ed.-北京 : : 科学出版社, , c2012. |
| ix, 303 p. : : ill. ; ; 26 cm.- (生命科学新经典) |
| "科爱传播导读版" --Back.-Includes bibliographical references and index. |
| ISBN 9787030344502 :CNY68.00. |
| ● |
| 相关链接 |
|
|
|
|
正题名:Principles of molecular virology
索取号:Q939.4/x7
 
预约/预借
| 序号 | 登录号 | 条形码 | 馆藏地/架位号 | 状态 | 备注 |
| 1 | 0018028 | 300180284 | 第二样本阅览室/ [索取号:Q939.4/x7] | 在馆 | |
| 2 | 0018029 | 300180293 | 生命科学系资料室/ [索取号:Q939.4/x7] | 在馆 | |
| 3 | 0018030 | 300180300 | 第四借阅区/ [索取号:Q939.4/x7] | 在馆 |